Statistics for Is That Really in the Bible?

Click here to take the quiz!

General Stats

  • This quiz has been taken 13,491 times
  • The average score is 11 of 15

Answer Stats

QuestionAnswer% Correct
Adam and Eve are kicked out of the Garden of Eden after eating the forbidden fruitIn the Bible
95%
The unicorn becomes extinct after failing to make it onto Noah's arkNot
94%
Jesus brings Lazarus back from the deadIn the Bible
88%
Lot's wife is turned into a pillar of saltIn the Bible
87%
God makes the walls of Jericho fall after people march around it blowing trumpetsIn the Bible
82%
Adam has a first wife named LilithNot
81%
People who die will have their souls cleansed in purgatory before ascending to heavenNot
79%
St. Peter sits at the "pearly gates" of heavenNot
73%
If a person commits one of the seven deadly sins, he must confess them or risk being sent to hellNot
70%
After wrestling with a mysterious person, Jacob becomes known as Israel, meaning "he who struggles with God"In the Bible
68%
Ham sees his father Noah naked and passed out drunk. When Ham doesn't avert his eyes, Noah curses his family line.In the Bible
64%
Jewish people should not eat porkIn the Bible
57%
The baby Jesus is visited by three wise men whose names are Balthazar, Caspar, and MelchiorNot
51%
The angel Lucifer is cast out of heaven for the sin of prideNot
41%
Jesus befriends Mary Magdalene, a former prostituteNot
21%

Score Distribution

Percentile by Number Answered

Percent of People with Each Score

Your Score History

You have not taken this quiz